Sedimentation in tilted vessels (Record no. 45939)

MARC details
000 -LEADER
fixed length control field 00276nam a2200109Ia 4500
100 ## - MAIN ENTRY--AUTHOR NAME
Personal name Kinosita Koreo
245 #0 - TITLE STATEMENT
Title Sedimentation in tilted vessels
260 ## - PUBLICATION, DISTRIBUTION, ETC. (IMPRINT)
Name of publisher Journal of Wood Science
Year of publication 1949
300 ## - PHYSICAL DESCRIPTION
Number of Pages 525-536
942 ## - ADDED ENTRY ELEMENTS (KOHA)
Koha item type Reprints
Holdings
Withdrawn status Lost status Damaged status Not for loan Home library Current library Date acquired Serial Enumeration / chronology Accession Number Koha item type
      Reprints RRII Library RRII Library 22/12/2021 Volume 4, Issue P1261 Reprints